000 00541nam a2200181 i 4500
001 45456
003 ES-MaACL
005 20251005063040.0
007 t|
008 030326s1982 sp ||||1| spa d
100 1 _aColl Gilabert, Antoni,
_d1943-
_9155227
245 1 0 _aAsí es Juan Pablo II /
_cAntonio Coll Gilabert.
260 _a[Barcelona] :
_bNoguer,
_c[1982]
300 _a168 p., 8 lám. ;
_c20 cm.
600 0 4 _aJuan Pablo
_bII
_cPapa, Santo.
_9162513
852 _aES-MaACL
_jL-3739
_bR.104733
999 _c45456
_d45456